书目信息 |
| 书名: | The language of international finance in English | |
| 作者: | Peter K. Oppenheim. | |
| 分册号: | ||
| 分册名: | 出版地: | New York : |
|
| 出版社: | Regents Pub. Co | |
| 出版时间: | c1976. | |
| 页数: | vi, 114 p. : | |
| 开本: | 23 cm. | |
| 丛书名: | English for careers | |
| 中图分类号: | ||
| 科图分类号: | ||
| 其他分类号: | H31 | |
| 主题词: | ||
| 电子资源: | ||
| 000 | 00647nam 22000217i 450 | |
| 001 | 0299113252 | |
| 005 | 20070130160433.82 | |
| 008 | 780901m1976 u y a 000 0 | |
| 020 | @a0883452723. | |
| 041 | @aeng | |
| 090 | @aH319.4:F | |
| 090 | @aH31 | |
| 099 | @dH31@ex106 | |
| 100 | 1 | @aOppenheim@cPeter K. |
| 245 | 10 | @aThe language of international finance in English / @cPeter K. Oppenheim. |
| 260 | 1 | @aNew York :@bRegents Pub. Co.,@cc1976. |
| 300 | @avi, 114 p. :@bill. ;@c23 cm. | |
| 440 | 0 | @aEnglish for careers |
| 650 | 4 | @aInternational finance. |
| 650 | 4 | @aIngles (Estudo E Ensino) |
| 650 | 4 | @aEnglish language@xBusiness English. |
| The language of international finance in English / / Peter K. Oppenheim.-New York : : Regents Pub. Co., , c1976. |
| vi, 114 p. : : ill. ; ; 23 cm.- (English for careers ) |
| ISBN 0883452723. |
| ● |
| 相关链接 |
|
|
|
|
正题名:The language of international finance in English
索取号:H31/x106
 
预约/预借
| 序号 | 登录号 | 条形码 | 馆藏地/架位号 | 状态 | 备注 |
| 1 | 46727 | 001159230 | 第四借阅区/ [索取号:H31/x106] | 在馆 | |
| 2 | 46728 | 001159267 | 第四借阅区/ [索取号:H31/x106] | 在馆 | |
| 3 | 46729 | 001159258 | 第四借阅区/ [索取号:H31/x106] | 在馆 | |
| 4 | 46730 | 001159212 | 第四借阅区/ [索取号:H31/x106] | 在馆 | |
| 5 | 46731 | 001159221 | 第四借阅区/ [索取号:H31/x106] | 在馆 |